000 00435pab a2200169 454500
008 180718b2008 xxu||||| |||| 00| 0 eng d
245 _aORISSA resettlement and rehabilitation policy, 2006
260 _c2008
300 _ap.733-49.
362 _aDec
650 _aRehabilitation - India - Orissa
650 _aResettlement - India - Orissa
650 _aResettlement
773 _aSocial Change
908 _aN
909 _a80998
999 _c80998
_d80998